00622nam a2200181Ia 4500003000400000005001700004008004100021020003000062040001700092082001900109100001900128245017100147250001100318260002500329300002900354650002400383650003300407IIN20250502110054.0250502s2023 xx adc 000 0 eng d cRs.1795.00a9789390619078 aIINbEnglish a610.73 bGHA1 a Ghai, Sandhya aClinical Nursing ProceduresbPostgraduate Institute of Medical Education & Research (PGIMER), Chandigarh National Institute of Nursing Education (NINE)/cSandhya Ghai a3rd ed bCBSaNew Delhic2023 axiii, 1321 p.bcol. ill.1 aFoundationvNursing1 aProceduresvClinical Nursing